| 000 | 00633nam a2200193 a 4500 | ||
|---|---|---|---|
| 005 | 20220604063723.0 | ||
| 008 | 991125s1967 mx 000 0 spa u | ||
| 035 | _aUPN01000010903 | ||
| 049 | _aCG | ||
| 050 | 4 |
_aKGC321 _bM6.2 |
|
| 100 | 1 |
_aMoreno, Daniel _937960 |
|
| 245 | 1 | 3 |
_aEl congreso constituyente de 1916-1917 / _cDaniel Moreno. |
| 260 |
_aMéxico : _bUNAM, Coordinación de Humanidades, _c1967. |
||
| 300 | _a100 p. | ||
| 500 | _a"Edición conmemorativa de la constitución de 1917" | ||
| 651 | 4 |
_aMEXICO - _xHISTORIA - _yREGIMEN CONSTITUCIONAL, 1917 |
|
| 651 | 4 |
_aMéxico _xHistoria constitucional _94597 |
|
| 905 | _aLibro | ||
| 999 |
_c10903 _d10903 |
||